000 00363nam a2200133Ia 4500
008 220204s9999 xx 000 0 und d
082 _a678.065
_bWAT
100 _aWatson, Philip J
245 0 _aHigh performance car tyres : Their development and futures - an update
260 _aU K
_bIRSG
650 _aCar tyres
650 _aRubber consumption
942 _cBK
999 _c41345
_d41345